000 00808nam a2200205Ia 4500
003 OSt
005 20240319161932.0
008 210210b1989 xxu||||| |||| 00| 0 eng d
040 _cAL
041 _aKannada
082 _aK894.9 GIRS
100 _aGIRADDI GOVINDARAJA, Samp.
_dಗಿರಡ್ಡಿ ಗೋವಿಂದರಾಜ
_9150904
245 _aSahitya paribhashika pustaka male.Bandaya - dalita sahitya
_bಸಾಹಿತ್ಯ ಪರಿಭಾಶಿಕ ಪುಸ್ತಕ ಮಾಲೆ : ಬಂಡಾಯ - ದಲಿತ ಸಾಹಿತ್ಯ
260 _aBengaluru
_bKarnataka Sahitya Akademi
_c1989
300 _ax,119
690 _aKannada Criticism
_9150905
700 _aPurushottama Bilimale.
_dಪುರುಷೋತ್ತಮ ಬಿಳಿಮಲೆ
_9155515
906 _a044417
942 _2ddc
_cBK
999 _c93816
_d93816